Statistics for Overwatch 2 - Maps

Click here to take the quiz!

General Stats

  • This quiz has been taken 207 times
    (55 since last reset)
  • The average score is 18 of 27

Answer Stats

ModeMap% Correct
HybridKing's Row
94%
EscortJunkertown
91%
FlashpointNew Junk City
82%
ControlBusan
79%
PushNew Queen Street
79%
EscortDorado
74%
HybridEichenwalde
74%
PushEsperança
74%
EscortHavana
74%
PushColosseo
71%
ControlIlios
71%
ControlLijiang Tower
71%
HybridNumbani
71%
ControlOasis
71%
HybridBlizzard World
68%
HybridParaiso
68%
EscortRoute 66
68%
HybridMidtown
65%
ControlNepal
65%
HybridHollywood
62%
FlashpointSuravasa
62%
EscortRialto
59%
ControlSamoa
59%
EscortWatchpoint: Gibraltar
56%
ControlAntarctic Peninsula
50%
EscortCircuit Royal
50%
EscortShambali Monastery
41%

Score Distribution

Percentile by Number Answered

Percent of People with Each Score

Your Score History

You have not taken this quiz since the last reset